ULTIMATE VISUAL DICTIONARY (Record no. 2154)
[ view plain ]
| 000 -LEADER | |
|---|---|
| fixed length control field | 00325nam a22001337a 4500 |
| 020 ## - INTERNATIONAL STANDARD BOOK NUMBER | |
| ISBN | 075130634-7 |
| 082 ## - DEWEY DECIMAL CLASSIFICATION NUMBER | |
| Classification number | 030 |
| Item number | DK/U |
| 100 ## - MAIN ENTRY--AUTHOR NAME | |
| Personal name | DORLINH KINDERSLEY |
| 245 ## - TITLE STATEMENT | |
| Title | ULTIMATE VISUAL DICTIONARY |
| Remainder of title | 21ST CENTURY SUPPLEMENT |
| 260 ## - PUBLICATION, DISTRIBUTION, ETC. (IMPRINT) | |
| Place of publication | LONDON |
| Name of publisher | DK BOOKS |
| 300 ## - PHYSICAL DESCRIPTION | |
| Number of Pages | 640 |
| 650 ## - SUBJECT ADDED ENTRY--TOPICAL TERM | |
| Topical Term | DICTIONARY |
| Geographic subdivision | UNITED KINGDOM |
| 942 ## - ADDED ENTRY ELEMENTS (KOHA) | |
| Koha item type | Books |
| Withdrawn status | Lost status | Collection code | Home library | Current library | Shelving location | Date acquired | Source of acquisition | Full call number | Accession Number | Koha item type | Cost, normal purchase price |
|---|---|---|---|---|---|---|---|---|---|---|---|
| Reference | Main Library | Main Library | SHELF 1 G -DICTIONARY,THEASAURUS | 17/05/2023 | purchase | 030 DK/U | 06102 | Books | |||
| Reference | Main Library | Main Library | SHELF 1 G -DICTIONARY,THEASAURUS | 19/05/2004 | purchase | 030 DK/U | 01291 | Books | 1440.00 |